| 000 | 00505nam a22001817a 4500 | ||
|---|---|---|---|
| 003 | 0 | ||
| 005 | 20231201133216.0 | ||
| 008 | 231201b xxu||||| |||| 00| 0 eng d | ||
| 020 | _a978-621-416-130-0 | ||
| 050 |
_aHF 5635 _b.V35 2022 |
||
| 100 | _aValix, Conrado T. | ||
| 245 |
_aIntermediate accounting, vol.1 _cConrado T. Valix |
||
| 250 | _a2022 edition | ||
| 260 |
_aManila _bGIC Enterprises & Co., Inc. _cc2022. |
||
| 300 |
_a938 pages ; _c22 cm. |
||
| 650 | _aAccounting. | ||
| 942 |
_2lcc _cBK |
||
| 999 |
_c365689 _d365689 |
||